Rhymes with 'Moon' Quiz Stats

 Plays Quiz Updated Jan 17, 2016

Also try: Rhymes with Drink
Challenge
Share
Tweet
Embed
Score 0/17 Timer 02:00
10 Plays Today
% Correct
boon
93.9%
soon
93.2%
loon
92.6%
coon
89.1%
noon
89%
goon
88.1%
dune
78.4%
toon
77.2%
tune
76.3%
% Correct
spoon
68.7%
rune
65.9%
croon
58.4%
lune
49.5%
swoon
45%
prune
43.5%
strewn
24.1%
hewn
17.8%

You're not logged in!

Compare scores with friends on all Sporcle quizzes.
Join for Free
OR
Log In

You Might Also Like...

Show Comments

Extras

Top Quizzes Today


Score Distribution

Your Account Isn't Verified!

In order to create a playlist on Sporcle, you need to verify the email address you used during registration. Go to your Sporcle Settings to finish the process.

Report this User

Report this user for behavior that violates our Community Guidelines.

Details: